00000000nam##2200000za#4500
0019.625515
003CaOODSP
00520200421163406
007ta
008150406|2000||||xxc|||||     f|0| 0 fre|d
040 |aCaOODSP|bfre
043 |an-cn---
0861 |aNH18-22/100-146F
1102 |aSociété canadienne d'hypothèques et de logement.
24514|aUne planète moins chaude en dix étapes
260 |aOttawa - Ontario : |bSociété canadienne d'hypothèques et de logement |c2000.
300 |a4p. ; |c28 cm.
4901 |aLe point en recherche. Série technique |v00-146
563 |aDépliant
590 |a01-02|b2001-01-12
69107|aLogement|2gcpds
69107|aConservation de l'énergie|2gcpds
69107|aEffet de serre|2gcpds
77508|tTen steps to a cooler planet |w(CaOODSP)9.615428
7760#|tUne planète moins chaude en dix étapes |w(CaOODSP)9.602666
830#0|aLe point en recherche. Série technique ;|v00-146|w(CaOODSP)9.513179
986 |aLNH 2267